Живой колос с духовной нивы протоиерея Иоанна Ильича Сергиева-Кронштадтского

RUSMARC
00005408cac2a2200000 x 450
00100284551-2342-4372-9571-234bf4635fc6
00520160519110845.0
100##$a20160212l19091909k l0rusy0189 ca
1010#$arus
102##$aRU
2001#$aЖивой колос с духовной нивы протоиерея Иоанна Ильича Сергиева-Кронштадтского
$eвыписки из дневника за 1907-1908 гг.
$eс портретом и эпиграфом автора
$eпосмертное издание в пользу Санкт-Петербургского Иоанновского женского монастыря
251##$cДело
2101#$aСанкт-Петербург
$cСинодальная типография
$d1909
801#0$aRU
$bРГИА
$c20160212
$gRCR
801#1$aRU
$bГлавНИВЦ
$c20160212
$2rusmarc
801#2$aRU
$bПБ им. Б.Н. Ельцина
$c20160328
$gRCR
$2rusmarc
850##$aРГИА
852##$aРГИА
$eФедеральное казенное учреждение "Российский государственный исторический архив" (РГИА)
$j3965
937##$hРГИА
$d12201193
$aASBIBLIO_SCAN
215##$a177 с.
$cпортр.
$d25х16 см
105##$aa###
1222#$ad
461#0$10012640edd5-2044-417d-b282-4ec02c959e00
$12001
$aДублетный фонд НСБ
$1251
$cФонд
$1852
$j0
462#0$100101f3c915-c163-4bd9-8823-fd1c871481a4
$12001
$aДублетный фонд Библиотеки
$vД. 3965
$1251
$cОпись
$1852
$j1
$lД
035##$a00284551-2342-4372-9571-234bf4635fc6
600#0$2nlr_sh
$3RU\NLR\AUTH\661594182
$aИоанн Кронштадтский
$cсвятой
$f1829 - 1908
$jДневники
605##$2acquisition_Prlib
$3DITM\AF\0000003834
$aНарод
$lколлекция
605##$2acquisition_Prlib
$3DITM\AF\0000004166
$aРоссия в лицах
$lколлекция
605##$2acquisition_prlib
$3LIBNET\UAF\0000061920
$aСинод в истории российской государственности
$lколлекция
686##$2rubbk
$a86.372.24-574ю14
$vLBC/M
686##$2rubbk
$a86.372.24-637.1ю14
$vLBC/M
701#0$3RU\NLR\AUTH\773064
$4070
$aИоанн Кронштадтский
$cсвятой
$f1829-1908
8564#$uhttp://www.prlib.ru/Lib/pages/item.aspx?itemid=138257
Формат отображения